| Tag |
First Indicator |
Second Indicator |
Subfields |
| LEADER |
00000cam a2200000 a 4500 |
| 001 |
in00000028962 |
| 005 |
20151007054748.0 |
| 008 |
870521s1988 deua d 00010 eng |
| 010 |
|
|
|a 87012477
|
| 020 |
|
|
|a 0842022813 (alk. paper)
|
| 020 |
|
|
|a 0842022953 (pbk. : alk. paper)
|
| 035 |
|
|
|a (OCoLC)16078410
|
| 035 |
|
|
|9 AAB6144AM
|
| 040 |
|
|
|a DLC
|c DLC
|d TXA
|d UtOrBLW
|
| 049 |
|
|
|a TXAM
|c [A11060824]
|
| 050 |
0 |
0 |
|a UG743
|b .W35 1988
|
| 082 |
0 |
|
|a 358/.1754/0321
|2 19
|
| 100 |
1 |
|
|a Waldman, Harry.
|
| 245 |
1 |
4 |
|a The dictionary of SDI /
|c by Harry Waldman ; illustrations by Douglas Holdaway.
|
| 264 |
|
1 |
|a Wilmington, Del. :
|b Scholarly Resources,
|c 1988.
|
| 300 |
|
|
|a x, 182 pages :
|b illustrations ;
|c 24 cm.
|
| 336 |
|
|
|a text
|b txt
|2 rdacontent
|
| 337 |
|
|
|a unmediated
|b n
|2 rdamedia
|
| 338 |
|
|
|a volume
|b nc
|2 rdacarrier
|
| 650 |
|
0 |
|a Strategic Defense Initiative
|x Dictionaries.
|
| 999 |
|
|
|a MARS
|
| 999 |
f |
f |
|s 1f479403-eea3-3514-9a51-35d28cbd424c
|i 96d30de7-603f-35bb-b876-a92ae12b724d
|t 0
|
| 952 |
f |
f |
|p normal
|a Texas A&M University
|b College Station
|c Sterling C. Evans Library
|d Evans: Library Stacks
|t 0
|e UG743 .W35 1988
|h Library of Congress classification
|i unmediated -- volume
|m A14811060824
|
| 998 |
f |
f |
|a UG743 .W35 1988
|t 0
|l Evans: Library Stacks
|